Slovensko sa môže stať členom EÚ, keď splní všetky politické, ekonomické i právne podmienky

Opatrenia, ktoré musí splniť štát uchádzajúci sa o členstvo v EÚ. Hospodárske a politické požiadavky. Základná podmienka - prevzatie komunitárneho práva EÚ, teda primárneho a sekundárneho práva. Právo občana členského štátu na náhradu škody spôsobenej netransformovaním smernice EÚ. EÚ kritizuje práv...

Descrizione completa

Salvato in:
Dettagli Bibliografici
Autore principale: Barancová, Helena
Natura: Capitolo di libro
Lingua:slovacco
Soggetti:
Tags: Aggiungi Tag
Nessun Tag, puoi essere il primo ad aggiungerne!!

MARC

LEADER 00000naa a2200000 4500
001 r019667
005 20230921074402.2
041 0 |a slo 
044 |a SK 
245 1 0 |a Slovensko sa môže stať členom EÚ, keď splní všetky politické, ekonomické i právne podmienky  |c Helena Barancová 
520 |a Opatrenia, ktoré musí splniť štát uchádzajúci sa o členstvo v EÚ. Hospodárske a politické požiadavky. Základná podmienka - prevzatie komunitárneho práva EÚ, teda primárneho a sekundárneho práva. Právo občana členského štátu na náhradu škody spôsobenej netransformovaním smernice EÚ. EÚ kritizuje právny stav v SR, ktorý protirečí voľnej hospodárskej súťaži. 
610 2 0 |a Slovensko 
610 2 0 |a Európska únia 
610 2 0 |a legislatíva 
610 2 0 |a smernice 
610 2 0 |a Biela kniha 
610 2 0 |a právo komunitárne 
610 2 0 |a opatrenia 
610 2 0 |a právo občianske 
610 2 0 |a hospodárstvo trhové 
100 1 |a Barancová, Helena